000 00852cab a2200205 4500
001 ##L132922
008 060323n2006 000 0 eng u
035 _a(Sirsi) u132922
041 0 _aeng
110 2 _aBarbour Index
_92548
245 0 0 _aSpecifier
_bcladding
260 _c2006
490 0 _aBuilding
_v271(8420) 3 March 2006, 70-80(8)
520 _aReports on an unique cladding system used for an office building in China. Other articles look at a range of new cladding products, fixing options for curtain walling, and the durability and whole-life costs of timber cladding. With a guide to the main suppliers of cladding and curtain walling.
590 _aIKA280306
690 _aBUILT ENVIRONMENT-BUILDING ELEMENTS-COMPLETE BUILDING ELEMENTS-WALLS-EXTERNAL WALLS
700 1 _aBrownrigg, Scott
700 1 _aMayer, Peter
942 _n0
999 _c76693
_d76693